|
|
|
|
| LEADER |
00000cam a2200000 a 4500 |
| 001 |
vtls001450167 |
| 003 |
SK-MaSNL |
| 005 |
20260301073105.0 |
| 008 |
160415s2002 xo gr 00000 slo |
| 015 |
|
|
|a SNBI2003/02-00905
|
| 020 |
|
|
|a 8088961025
|
| 035 |
|
|
|a SNK000405457
|
| 040 |
|
|
|a SNK
|b slo
|c SNK
|e AACR2
|
| 041 |
0 |
|
|a slo
|
| 044 |
|
|
|a xo
|c SK
|
| 080 |
|
|
|a 336.2(094.1)(083.132)
|2 1997
|
| 110 |
1 |
|
|a Slovensko
|4 aut
|9 266955
|
| 245 |
1 |
0 |
|a Dane a poplatky
|b SEPI "C" - aktualizácia č. 163
|
| 260 |
|
|
|a Žilina
|b Systém ekonomických a právnych informácií
|c [2003]
|
| 300 |
|
|
|a [198] s.
|c 21 cm
|
| 500 |
|
|
|a Voľné listy bez obalu
|
| 650 |
0 |
7 |
|a dane
|2 SNKPH
|9 2123
|
| 650 |
0 |
7 |
|a daňové priznanie
|2 SNKPH
|9 70980
|
| 650 |
0 |
7 |
|a poplatky
|2 SNKPH
|9 2335
|
| 655 |
|
7 |
|a právne predpisy
|2 SNKPH
|9 70481
|
| 655 |
|
7 |
|a pokyny
|2 SNKPH
|9 70685
|
| 919 |
|
|
|a 80-88961-02-5
|
| 958 |
|
|
|a TL
|
| 999 |
|
|
|c 643104
|d 645034
|
| 952 |
|
|
|t P60, <03>, [BOOK], {603}
|a SNK
|b SNK
|y PREZ
|7 0
|p 17A0375653
|o snkSC 86430/príl.163
|i snkKSP 2736/2003
|0 0
|1 0
|4 0
|d 2003-02-24
|l 0
|r 2005-01-02 00:00:00
|w 2026-02-23
|
| 952 |
|
|
|t P60, <04>, [BOOK], {604}
|a SNK
|b SNK
|y VYP
|7 0
|p 17A0375654
|o snkSC 86430/príl.163 D1
|i snkKSP 2737/2003
|0 0
|1 0
|4 0
|d 2003-02-24
|l 0
|r 2005-01-02 00:00:00
|w 2026-02-23
|